TH-SOF-1292-NEW CONTROL METHODS FOR A CLASS OF NONLINEAR SYSTEMS WITH CONSTRAINED INPUT (Record no. 577189)

000 -LEADER
fixed length control field 00467nam a22001577a 4500
003 - CONTROL NUMBER IDENTIFIER
control field NUST
038 ## - RECORD CONTENT LICENSOR
Staff Name baig
082 ## - DEWEY DECIMAL CLASSIFICATION NUMBER
Classification number 200 THE
100 ## - MAIN ENTRY--PERSONAL NAME
Personal name Atif Ali
9 (RLIN) 84153
110 ## - MAIN ENTRY--CORPORATE NAME
Corporate name or jurisdiction name as entry element Supervisor Dr Muhammad Bilal Malik
9 (RLIN) 84154
245 ## - TITLE STATEMENT
Title TH-SOF-1292-NEW CONTROL METHODS FOR A CLASS OF NONLINEAR SYSTEMS WITH CONSTRAINED INPUT
260 ## - PUBLICATION, DISTRIBUTION, ETC.
Place of publication, distribution, etc. Islamabad
Name of publisher, distributor, etc. NUST College of EME
Date of publication, distribution, etc. 2016
563 ## - BINDING INFORMATION
Binding note hb
650 ## - SUBJECT ADDED ENTRY--TOPICAL TERM
Topical term or geographic name entry element PHD ELECTRICAL ENGINEERING PHD
9 (RLIN) 84155
942 ## - ADDED ENTRY ELEMENTS (KOHA)
Koha item type Computer Files
Source of classification or shelving scheme
Holdings
Withdrawn status Lost status Damaged status Not for loan Permanent Location Current Location Shelving location Date acquired Total Checkouts Full call number Barcode Date last seen Price effective from Koha item type
        College of Electrical & Mechanical Engineering (CEME) College of Electrical & Mechanical Engineering (CEME) Reference 11/22/2019   200 THE TH-SOF-1292 06/28/2021 06/28/2021 Computer Files
© 2023 Central Library, National University of Sciences and Technology. All Rights Reserved.